| 000 | 00000nas 2200000zi 4500 |
| 001 | 9.837814 |
| 003 | CaOODSP |
| 005 | 20250620090312 |
| 006 | m o d f |
| 007 | cr cn |||||||| |
| 008 | 170606c20179999oncar p o f0 a0eng|d |
| 022 | |a2560-855X |
| 040 | |aCaOODSP|beng|erda|cCaOODSP |
| 043 | |an-cn--- |
| 086 | 1 |aP100-3E-PDF |
| 110 | 1 |aCanada.|eauthor. |
| 222 | 0|aAnnual report on Government of Canada public opinion research activities |
| 245 | 10|a... annual report on Government of Canada public opinion research activities. |
| 264 | 1|aOttawa, ON : |bDepartment of Public Works and Government Services, |c2017- |
| 310 | |aAnnual |
| 336 | |atext|btxt|2rdacontent |
| 337 | |acomputer|bc|2rdamedia |
| 338 | |aonline resource|bcr|2rdacarrier |
| 362 | 1 |aBegan with: 16th (from April 1, 2016 to March 31, 2017). |
| 500 | |aIssued also in French under title: Rapport annuel sur les activités de la recherche sur l’opinion publique au gouvernement du Canada. |
| 550 | |aPublished by: Public Services and Procurement Canada, 2018-. |
| 588 | |aDescription based on: 16th (from April 1, 2016 to March 31, 2017); title from PDF cover. |
| 588 | |aLatest issue consulted: 22nd (2022 to 2023 fiscal year). |
| 650 | 0|aPublic opinion polls|zCanada|vPeriodicals. |
| 651 | 0|aCanada|xPolitics and government|xPublic opinion|vPeriodicals. |
| 655 | 7|aPeriodicals|2lcgft |
| 710 | 1 |aCanada. |bPublic Works and Government Services Canada, |eissuing body. |
| 710 | 1 |aCanada. |bPublic Services and Procurement Canada, |eissuing body. |
| 775 | 08|t... rapport annuel sur les activités de la recherche sur l’opinion publique au gouvernement du Canada.|w(CaOODSP)9.837815 |
| 780 | 00|tPublic opinion research in the Government of Canada |w(CaOODSP)9.505719 |
| 856 | 40|qHTML|sN/A|uhttps://www.canada.ca/en/public-services-procurement/services/communication/public-opinion-research/annual-reports.html |